书目信息 |
| 题名: |
古建筑测绘
|
|
| 作者: | 赵雪峰 , 杨玲 , 滕凌 著 | |
| 分册: | ||
| 出版信息: | 北京 地质出版社 2021.8 |
|
| 页数: | 250页 | |
| 开本: | 24cm | |
| 丛书名: | ||
| 单 册: | ||
| 中图分类: | TU198 | |
| 科图分类: | ||
| 主题词: | 古建筑--建筑测量 | |
| 电子资源: | ||
| ISBN: | 978-7-116-12189-8 | |
| 000 | 01116nam0 2200277 45 | |
| 001 | 012001002118 | |
| 005 | 20140913113444.0 | |
| 010 | @a978-7-116-12189-8@dCNY68.00 | |
| 100 | @a20210817d2021 em y0chiy50 ea | |
| 101 | 0 | @achi |
| 102 | @aCN@b110000 | |
| 105 | @aa az 000yy | |
| 106 | @ar | |
| 200 | 1 | @a古建筑测绘@Agu jian zhu ce hui@f赵雪峰,杨玲,滕凌著 |
| 210 | @a北京@c地质出版社@d2021.8 | |
| 215 | @a250页@c图@d24cm | |
| 300 | @a本书得到“沈阳市重点建设专业项目”支持 | |
| 320 | @a有书目 (第249-250页) | |
| 330 | @a本书主要介绍了古建筑测绘发展概况、我国古建筑基本特征、古建筑测绘基本知识和方法、技术。重点介绍了古建筑测绘的基本步骤,包括现状踏勘及测绘前准备、古建筑尺寸测绘、古代建筑测绘内业工作整理,并附大量古建筑测绘实例。测绘仪器方面介绍了电子全站仪、三维激光扫描仪等最新测量工具和方法。全书基于大量实际测绘经验基础,在力求理论严密、完整的同时,更注重实用性。 | |
| 606 | 0 | @a古建筑@x建筑测量 |
| 690 | @aTU198@v5 | |
| 701 | 0 | @a赵雪峰@Azhao xue feng@4著 |
| 701 | 0 | @a杨玲@Ayang ling@4著 |
| 701 | 0 | @a滕凌@Ateng ling@4著 |
| 801 | 0 | @aCN@bBJSDL@c20211011 |
| 905 | @b1338507-10@dTU198@e2007@f4 | |
| 古建筑测绘/赵雪峰,杨玲,滕凌著.-北京:地质出版社,2021.8 |
| 250页:图;24cm |
| 本书得到“沈阳市重点建设专业项目”支持 |
| ISBN 978-7-116-12189-8:CNY68.00 |
| 本书主要介绍了古建筑测绘发展概况、我国古建筑基本特征、古建筑测绘基本知识和方法、技术。重点介绍了古建筑测绘的基本步骤,包括现状踏勘及测绘前准备、古建筑尺寸测绘、古代建筑测绘内业工作整理,并附大量古建筑测绘实例。测绘仪器方面介绍了电子全站仪、三维激光扫描仪等最新测量工具和方法。全书基于大量实际测绘经验基础,在力求理论严密、完整的同时,更注重实用性。 |
| ● |
| 相关链接 |
|
|
|
|
正题名:古建筑测绘
索取号:TU198/2007
 
预约/预借
| 序号 | 登录号 | 条形码 | 馆藏地/架位号 | 状态 | 备注 |
| 1 | 1338507 | 213385077 | 第二样本阅览室/ [索取号:TU198/2007] | 在馆 | |
| 2 | 1338508 | 213385086 | 第三借阅区/ [索取号:TU198/2007] | 在馆 | |
| 3 | 1338509 | 213385095 | 第三借阅区/ [索取号:TU198/2007] | 在馆 | |
| 4 | 1338510 | 213385102 | 第三借阅区/ [索取号:TU198/2007] | 在馆 |